Which Game of Thrones House? Quiz Stats

 Plays Quiz not verified by Sporcle

Score 0/30 Timer 08:00
0 Plays Today
% Correct
Stark
95.8%
Stark
95.7%
Stark
95.6%
Targaryen
95.5%
Stark
95%
Lannister
94.8%
Greyjoy
94.8%
Lannister
94.7%
Lannister
94.3%
Lannister
94.2%
Targaryen
94%
Greyjoy
93.2%
Baratheon
92.8%
Frey
92.5%
Stark
92.2%
% Correct
Targaryen
92.1%
Greyjoy
92.1%
Lannister
91.6%
Greyjoy
91.3%
Baratheon
91.2%
Frey
90.8%
Targaryen
90.4%
Targaryen
88.8%
Greyjoy
86.6%
Frey
86%
Frey
85.4%
Baratheon
82.5%
Baratheon
82.4%
Frey
81.6%
Baratheon
75%

You're not logged in!

Compare scores with friends on all Sporcle quizzes.
OR
Log In

Sporcle TV

Today on Sporcle TV


Watch our educational content, quiz creation guides, and fun videos on Sporcle TV.

Show Comments

Extras

Top Quizzes Today


Score Distribution

Your Account Isn't Verified!

In order to create a playlist on Sporcle, you need to verify the email address you used during registration. Go to your Sporcle Settings to finish the process.

Report this User

Report this user for behavior that violates our Community Guidelines.

Details: